000 00734nam a22002412 4500
999 _c17387
_d17387
001 0000024388
003 OSt
005 20190122131635.0
008 130910s xx 000 0 eng d
020 _a1496350294
040 _aKABU
_cKABU
245 1 0 _aBates' guide to physical examination and history taking /
_cLynn S. bickley, Peter G. Szilagyi.
250 _a12th ed.
260 _aNew Delhi :
_bKluwer,
_c2017.
300 _axxviii, 1034p.
650 0 _aPhysical examination
_vHandbooks
_xMethods.
650 0 _aMedical history taking
_vHandbooks
_xMethods.
700 1 _aBickley, Lynn S.
700 1 _aSzilagyi, Peter G.
908 _a130910
942 _2lcc
_cBK